000 00767cab a2200229 4500
001 ABS54010
008 090401t1995 xxu||||| |||| 00| 0 eng d
035 _a(Sirsi) u7864
041 _aeng
100 _aVivian, J.
245 _aLong overdue changes to the way arrears can be collected
260 _c1995
350 _a0
490 _aProperty Week
_v53(6) 9 November 1995, 28-29(2)
520 _aLooks at how the way landlords collect arrears will change under the Landlord and Tenant (Covenants) Act 1995 from the point of view of both the landlord and the tenant.
650 _aLANDLORD AND TENANT (COVENANTS) ACT 1995
650 _aRENT ARREARS
690 _aPROPERTY-LANDLORD AND TENANT
700 _aWhite, G.
942 _n0
948 _c04/03/1997
999 _c4785
_d4785